000 00671nam a2200205Ii 4500
003 JO-AjNU
008 230605s9999||||xx |||||||||||||| ||und||
040 _aJO-AjNU
_bara
_erda
_cJO-AjNU
041 _aara
050 1 4 _aPJ7632.N3722 1999
100 3 _aتأليف ناصيف،إميل,
_eauthor
_924179
245 0 0 _aأروع ما قيل في قصص العشاق، الجزء الثاني
250 _aط1
264 3 1 _aبيروت:دار الجيل،1999
300 _aج2، 159ص
336 _atext
_btxt
_2rdacontent
337 _aunmediated
_bn
_2rdamedia
338 _avolume
_bnc
_2rdacarrier
650 4 _aالأدب العربي - شعر - العشاق
_924180
999 _aA8862
_c12430
_d12430